Art škôlka

Guardado en:
Detalles Bibliográficos
Autor principal: Antolík, Jakub (Autor)
Otros Autores: Krajcsovics, Lorant (Orientador)
Formato: Manuscrito Libro
Lenguaje:eslovaco
Publicado: Bratislava 2017
Materias:
Acceso en línea:http://is.stuba.sk/zp/portal_zp.pl?podrobnosti=111543
Etiquetas: Agregar Etiqueta
Sin Etiquetas, Sea el primero en etiquetar este registro!

MARC

LEADER 00000ntm a22000003a 4500
001 stuzp63896
003 SK-STU
005 20210201073800.7
007 ta
008 150427s2015----xo-----f-mn---000-0-slo-d
040 |a STU  |b slo 
041 0 |a slo 
100 1 |a Antolík, Jakub  |u 052120  |4 aut  |U FAD Fakulta architektúry  |T FA Ústav ekologickej a experimentálnej architektúry  |X 65288  |U A2120  |Y 393  |7 65288 
242 0 1 |a Art nursery school  |y eng 
245 1 0 |a Art škôlka 
260 |c 2017  |a Bratislava 
650 4 |a projekt pre stavebné povolenie  |2 slo 
650 4 |a škôlka  |2 slo 
650 4 |a projekt pre územne konanie  |2 slo 
650 4 |a nursery school  |2 eng 
650 4 |a project for the certificate occupancy  |2 eng 
650 4 |a project for the planning permission  |2 eng 
700 1 |a Krajcsovics, Lorant  |u 052120  |k Z1  |4 ths  |U FAD Fakulta architektúry  |T FA Ústav ekologickej a experimentálnej architektúry  |X 4831  |U A2120  |Y 393  |7 A000004831 
856 4 |u http://is.stuba.sk/zp/portal_zp.pl?podrobnosti=111543  |u https://opac.crzp.sk/?fn=detailBiblioForm&sid=85D30AFD358849054D99B94E20A9